000 01243nam a22003137a 4500
003 CHAP
005 20220329143912.0
008 120705s2011 mx r 00010 spa d
010 _a103499
011 _a104471
020 _a9786071202079
035 _a115161
040 _cCHAP
082 0 4 _a635.93415
_bA61
245 0 0 _aAnálisis del diagnóstico de la familia orchidaceae en México :
_b(con énfasis en los géneros Stnhopea y Rynchostele y en la especies Posthechea citrina, Posthechena, vitellina, Ecyclia adenocaula, Lelia speciosa, Lelia gouldiana
_c/compilado por María de los Ángles Aída Téllez Velasco
260 _aChapingo, Méx. :
_bUACH,
_c2011
300 _a169 p. :
_bilus., mapas
590 _aBATCH-UPD
_b10
_c20130110
_lUCH01
_h1218
590 _aBATCH-UPD
_b10
_c20130410
_lUCH01
_h0754
590 _aBATCH-UPD
_b10
_c20130914
_lUCH01
_h1828
590 _aCONVERSION
_b10
_c20130109
_lUCH01
_h1357
650 1 4 _aMonocotiledóneas.
_977542
650 1 4 _aOrquidáceas.
_983723
650 1 4 _aOrquidáceas
_xVariedades.
_983739
700 1 _aTéllez Velasco, María de los Ángles Aída
_e, comp.
_9113573
901 _aBK
942 _cLIBRO
949 _a635.93415 A61
_bBC
_cUACH
_d33724002331421
_eUACH
_h147218
_i115161
_sb
999 _c103499
_d103499